La guerra a muerte.

Enregistré dans:
Détails bibliographiques
Auteur principal: Vicuña Mackenna, Benjamín, 1831-1886
Format: Livre
Langue:espagnol
Publié: Buenos Aires, Argentina Francisco de Aguirre 1972
Édition:Tercera edición
Collection:Biblioteca Francisco de Aguirre, 44
Sujets:
Tags: Ajouter un tag
Pas de tags, Soyez le premier à ajouter un tag!

MARC

LEADER 00000cam a2200000 a 4500
001 UCO2525
003 CL-VaPUC
005 20221004074540.0
008 000608e19720000AG |||||||||||||||||spa|d
999 |c 289031  |d 289029 
040 |c Pontificia Universidad Católica de Valparaíso 
082 0 4 |a 983.04 VIC 1972  |2 21 
100 |a Vicuña Mackenna, Benjamín,  |d 1831-1886  |x Político e historiador   |z Chile   |9 374 
245 1 3 |a La guerra a muerte. 
250 |a Tercera edición 
260 |a Buenos Aires, Argentina  |b Francisco de Aguirre  |c 1972 
300 |a 925 páginas 
490 0 |a Biblioteca Francisco de Aguirre, 44 
583 |a last modification  |c 20120914 12:34:59  |k Rodrigo Vera 
600 0 7 |a PINCHEIRA, JOSE ANTONIO  |2 CL-VaPUC  |9 443678 
600 0 7 |a PINCHEIRA, PABLO  |2 CL-VaPUC  |9 443677 
600 0 7 |a PINCHEIRA, SANTOS  |2 CL-VaPUC  |9 445816 
600 0 7 |a BENAVIDES, AMBROSIO  |2 CL-VaPUC  |9 445817 
600 0 7 |a PRIETO, JOSE JOAQUIN  |2 CL-VaPUC  |9 436960 
650 7 |a HISTORIA DE CHILE 1819-1827  |2 CL-VaPUC  |9 445818 
650 7 |a PATRIA NUEVA  |2 CL-VaPUC  |9 444597 
650 0 |a Guerra de independencia   |9 327964 
651 7 |a CHILE  |2 CL-VaPUC  |9 445819 
942 |c BK  |2 ddc 
945 |d 20000608 00:00:00  |a crobeson 
952 |0 0  |1 0  |2 ddc  |4 0  |6 983_040000000000000_VIC_1972  |7 0  |8 A  |9 337143  |a BIBHIS  |b BIBHIS  |d 2019-11-20  |i 129220K  |o 983.04 VIC 1972  |p 129220K  |r 2025-01-20  |t 2  |w 2019-11-20  |y BK  |k HIS 
952 |0 0  |1 0  |2 ddc  |4 0  |6 983_040000000000000_VIC_1972  |7 0  |8 DER_HDC  |9 337144  |a BIBDER  |b BIBDER  |d 2019-11-20  |i 3822753  |o 983.04 VIC 1972  |p 3822753  |r 2023-01-25  |t 1  |w 2019-11-20  |x Ubicación 4to Piso  |y BK  |z Estos recursos deben solicitarse con anticipación  |k DER 
952 |0 0  |1 0  |2 ddc  |4 0  |6 983_040000000000000_VIC_1972  |7 0  |8 A  |9 337145  |a BIBHIS  |b BIBHIS  |d 2019-11-20  |i 4903366  |o 983.04 VIC 1972  |p 4903366  |r 2025-01-20  |t 3  |w 2019-11-20  |y BK  |k HIS